Biblioteca y Centro de Documentación

Programa de cooperación con las PYMES (Registro nro. 1591)

Detalles MARC
000 -CABECERA
Longitud fija campo de control 01359nam a2200325 c 4500
001 - NÚMERO DE CONTROL
Número de control 1591
003 - IDENTIFICADOR DE NÚMERO DE CONTROL
Identificador del número de control ES-MaCES
005 - FECHA Y HORA DE LA ÚLTIMA TRANSACCIÓN
Fecha y hora de la última transacción 20141221121541.0
008 - CAMPO FIJO DE DESCRIPCIÓN FIJA--INFORMACIÓN GENERAL
Códigos de información de longitud fija   940525s1993 sp ||| | spa d
035 ## - NÚMERO DE CONTROL DEL SISTEMA
Número de control del sistema CES19980015994m
040 ## - FUENTE DE CATALOGACIÓN
Centro catalogador de origen ES-MaCES
Lengua de catalogación spa
Centro transcriptor ES-MaCES
245 00 - MENCIÓN DE TÍTULO
Título Programa de cooperación con las PYMES
Resto del título : cursos y programas de contenido
Mención de responsabilidad, etc. Ford, Centro de Formación, Valencia
260 ## - PUBLICACIÓN, DISTRIBUCIÓN, ETC (PIE DE IMPRENTA)
Lugar de publicación, distribución, etc. [Valencia?
Nombre del editor, distribuidor, etc. s.n.
Fecha de publicación, distribución, etc. 1993?]
300 ## - DESCRIPCIÓN FÍSICA
Extensión V, 71 p.
Dimensiones 30 cm
500 ## - NOTA GENERAL
Nota general Documento perteneciente al Seminario Internacional 'Nuevos modelos y estrategias de formación para las PYMES en Europa', organizado por el Centro Europeo para el Desarrollo de la Formación Profesional y el Instituto para la Pequeña y Mediana Industria Valenciana, celebrado en Valencia los días 4 y 5 de octubre de 1993
500 ## - NOTA GENERAL
Nota general Ejemp. fotocopiado
541 ## - NOTA DE LA FUENTE INMEDIANTE DE ADQUISICIÓN
Forma de adquisición Gratuito
650 #4 - ASIENTO SECUNDARIO DE MATERIA--TÉRMINO DE MATERIA
Término de materia o nombre geográfico como elemento inicial empresario
9 (RLIN) 28188
650 #4 - ASIENTO SECUNDARIO DE MATERIA--TÉRMINO DE MATERIA
Término de materia o nombre geográfico como elemento inicial desarrollo gerencial
9 (RLIN) 28199
650 #4 - ASIENTO SECUNDARIO DE MATERIA--TÉRMINO DE MATERIA
Término de materia o nombre geográfico como elemento inicial gestión industrial
9 (RLIN) 27644
650 #4 - ASIENTO SECUNDARIO DE MATERIA--TÉRMINO DE MATERIA
Término de materia o nombre geográfico como elemento inicial ergonomía
9 (RLIN) 28325
650 #4 - ASIENTO SECUNDARIO DE MATERIA--TÉRMINO DE MATERIA
Término de materia o nombre geográfico como elemento inicial formación profesional permanente
9 (RLIN) 29931
650 #4 - ASIENTO SECUNDARIO DE MATERIA--TÉRMINO DE MATERIA
Término de materia o nombre geográfico como elemento inicial enseñanza técnica
9 (RLIN) 27391
650 #4 - ASIENTO SECUNDARIO DE MATERIA--TÉRMINO DE MATERIA
Término de materia o nombre geográfico como elemento inicial curso de formación
9 (RLIN) 27464
653 10 - TÉRMINO DE INDEXACIÓN--NO CONTROLADO
Término no controlado Educación
710 2# - ENCABEZAMIENTO SECUNDARIO--NOMBRE CORPORATIVO
Nombre de entidad o nombre de jurisdicción como elemento inicial Ford España
Unidad subordinada Centro de Formación (Valencia)
9 (RLIN) 3642
902 ## - CES. TIPO DE DOCUMENTO
Tipodoc (006$c Sirtex) DOC Literatura gris
942 ## - ELEMENTOS KOHA
Fuente de clasificaión o esquema Clasificación propia del CES
Koha [por defecto] tipo de item Monografías
Parte de clasificación 4.0.
Existencias
Número de registro Signatura completa Tipo de item de Koha
004734 DOC-4.0.-5 Monografías
© CES, Consejo Económico y Social de España 2021